<?xml version="1.0" encoding="UTF-8"?><?xml-stylesheet type="text/xsl" href="static/style.xsl"?><OAI-PMH xmlns="http://www.openarchives.org/OAI/2.0/" xmlns:xsi="http://www.w3.org/2001/XMLSchema-instance" xsi:schemaLocation="http://www.openarchives.org/OAI/2.0/ http://www.openarchives.org/OAI/2.0/OAI-PMH.xsd"><responseDate>2026-04-13T08:31:38Z</responseDate><request verb="GetRecord" identifier="oai:www.recercat.cat:2117/446365" metadataPrefix="marc">https://recercat.cat/oai/request</request><GetRecord><record><header><identifier>oai:recercat.cat:2117/446365</identifier><datestamp>2025-11-19T01:34:54Z</datestamp><setSpec>com_2072_1033</setSpec><setSpec>col_2072_452951</setSpec></header><metadata><record xmlns="http://www.loc.gov/MARC21/slim" xmlns:dcterms="http://purl.org/dc/terms/" xmlns:xsi="http://www.w3.org/2001/XMLSchema-instance" xmlns:doc="http://www.lyncode.com/xoai" xsi:schemaLocation="http://www.loc.gov/MARC21/slim http://www.loc.gov/standards/marcxml/schema/MARC21slim.xsd">
   <leader>00925njm 22002777a 4500</leader>
   <datafield ind2=" " ind1=" " tag="042">
      <subfield code="a">dc</subfield>
   </datafield>
   <datafield ind2=" " ind1=" " tag="720">
      <subfield code="a">Arqués León, Núria</subfield>
      <subfield code="e">author</subfield>
   </datafield>
   <datafield ind2=" " ind1=" " tag="260">
      <subfield code="c">2025-06-27</subfield>
   </datafield>
   <datafield ind2=" " ind1=" " tag="520">
      <subfield code="a">Els Sistemes de Detecció d'Intrusions (IDS) per a entorns IoT-5G enfronten reptes a causa de les preocupacions sobre la privacitat de les dades i la seva heterogeneïtat. Per abordar-los, proposem un IDS de dues etapes que preserva la privacitat, aprofitant models d'Aprenentatge Profund (DL) entrenats mitjançant Aprenentatge Federat (FL) a través de tres nodes locals distribuïts. Cada node incorpora Privacitat Diferencial (DP) per protegir les dades sensibles. La nostra arquitectura realitza de forma seqüencial la Detecció d'Atacs (AD) i la seva Classificació de forma més minuciosa (AC), permetent una anàlisi d'amenaces escalable i interpretable adequada a aquests sistemes heterogenis. Els experiments s'han dut a terme utilitzant el conjunt de dades basat en fluxos de xarxa "CIC IoT 2023", que conté 33 tipus de ciberatacs juntament amb trànsit benigne. S'han explorat dues configuracions de partició de dades: una distribució uniforme on cada node observa tots els tipus d'atac, i una distribució desbalancejada on els nodes només tenen accés a un subconjunt de tipus d'atacs. Els resultats mostren que les Xarxes Neuronals Convolucionals (CNN) superen consistentment els altres models, especialment utilitzant la mitjana geomètrica com a tècnica agregació robusta. En la configuració uniforme, l'IDS basat en FL assoleix un Coeficient de Correlació de Matthews (MCC) del 90.62% per a la detecció d'atacs i del 75.60% per a la classificació. En canvi, en la no uniforme, malgrat que el rendiment de detecció es manté estable (90.50% MCC), el de la classificació cau fins al 69.24%, reflectint l'impacte de l'heterogeneïtat de les dades. La incorporació de DP amb un nivell de privacitat moderat-alt comporta només una disminució del 2% en la precisió de la detecció, però del 15% en la de classificació. Tot i això, els baixos índexs Senyal-Soroll (SNR) resultants confirmen fortes garanties de privacitat. Aquests resultats demostren la viabilitat de combinar FL amb DP per assolir un IDS acurat, escalable i que manté la privacitat en entorns IoT-5G descentralitzats.</subfield>
   </datafield>
   <datafield ind2=" " ind1=" " tag="520">
      <subfield code="a">Intrusion Detection Systems (IDS) for IoT-5G environments face challenges due to data privacy concerns and data heterogeneity. To address these, we propose a two-stage, privacy-preserving IDS leveraging Deep Learning (DL) models trained via Federated Learning (FL) across three distributed local nodes. Each node employs Differential Privacy (DP) to safeguard sensitive data. Our architecture performs sequential Attack Detection (AD) and fine-grained Attack Classification (AC), enabling scalable, interpretable threat analysis for heterogeneous IoT systems. Experiments were conducted using the "CIC IoT 2023" flow-based dataset, containing 33 cyberattack types alongside benign traffic. Two data partitioning settings were explored: a uniform distribution where each node observes all attack types, and an unbalanced distribution where nodes had access to only subsets of attack types. Results shown that Convolutional Neural Networks (CNNs) consistently outperformed other DL models, particularly with the geometric median as a robust aggregation. In the uniform setting, the FL-based IDS achieved a Matthews Correlation Coefficient (MCC) of 90.62% for attack detection and 75.60% for classification. In the non-uniform setting, detection performance remained stable (90.50% MCC), while classification dropped to 69.24%, reflecting the impact of data heterogeneity. Introducing DP with a moderate-high privacy budget led to only a 2% drop in detection accuracy and a 15% decline in classification accuracy. Despite this, the resulting low Signal-to-Noise Ratios (SNR) confirmed strong privacy guarantees. These findings demonstrate the feasibility of combining FL and DP for accurate, scalable, and privacy-preserving IDSs in decentralized IoT-5G infrastructures.</subfield>
   </datafield>
   <datafield ind1="8" ind2=" " tag="024">
      <subfield code="a">http://hdl.handle.net/2117/446365</subfield>
   </datafield>
   <datafield tag="653" ind2=" " ind1=" ">
      <subfield code="a">Computer security</subfield>
   </datafield>
   <datafield tag="653" ind2=" " ind1=" ">
      <subfield code="a">Machine learning</subfield>
   </datafield>
   <datafield tag="653" ind2=" " ind1=" ">
      <subfield code="a">Deep learning (Machine learning)</subfield>
   </datafield>
   <datafield tag="653" ind2=" " ind1=" ">
      <subfield code="a">5G mobile communication systems</subfield>
   </datafield>
   <datafield tag="653" ind2=" " ind1=" ">
      <subfield code="a">Sistema de Detecció d'Intrusions (IDS)</subfield>
   </datafield>
   <datafield tag="653" ind2=" " ind1=" ">
      <subfield code="a">Aprenentatge Federat (FL)</subfield>
   </datafield>
   <datafield tag="653" ind2=" " ind1=" ">
      <subfield code="a">Entrenament col·laboratiu</subfield>
   </datafield>
   <datafield tag="653" ind2=" " ind1=" ">
      <subfield code="a">Detecció d'Atacs (AD)</subfield>
   </datafield>
   <datafield tag="653" ind2=" " ind1=" ">
      <subfield code="a">Classificació d'Atacs (AC)</subfield>
   </datafield>
   <datafield tag="653" ind2=" " ind1=" ">
      <subfield code="a">Xarxes 5G</subfield>
   </datafield>
   <datafield tag="653" ind2=" " ind1=" ">
      <subfield code="a">Internet de les Coses (IoT)</subfield>
   </datafield>
   <datafield tag="653" ind2=" " ind1=" ">
      <subfield code="a">Aprenentatge Automàtic (ML)</subfield>
   </datafield>
   <datafield tag="653" ind2=" " ind1=" ">
      <subfield code="a">Aprenentatge Profund (DL)</subfield>
   </datafield>
   <datafield tag="653" ind2=" " ind1=" ">
      <subfield code="a">Xarxa Neuronal Convolucional (CNN)</subfield>
   </datafield>
   <datafield tag="653" ind2=" " ind1=" ">
      <subfield code="a">Xarxa Neuronal Profunda (DNN)</subfield>
   </datafield>
   <datafield tag="653" ind2=" " ind1=" ">
      <subfield code="a">Memòria a Curt i Llarg Termini (LSTM)</subfield>
   </datafield>
   <datafield tag="653" ind2=" " ind1=" ">
      <subfield code="a">Privacitat Diferencial (DP)</subfield>
   </datafield>
   <datafield tag="653" ind2=" " ind1=" ">
      <subfield code="a">Pressupost de Privacitat</subfield>
   </datafield>
   <datafield tag="653" ind2=" " ind1=" ">
      <subfield code="a">Llindar de Retallada</subfield>
   </datafield>
   <datafield tag="653" ind2=" " ind1=" ">
      <subfield code="a">Conjunt de Dades</subfield>
   </datafield>
   <datafield tag="653" ind2=" " ind1=" ">
      <subfield code="a">CIC-IoT 2023</subfield>
   </datafield>
   <datafield tag="653" ind2=" " ind1=" ">
      <subfield code="a">Funció d'Agregació Robusta</subfield>
   </datafield>
   <datafield tag="653" ind2=" " ind1=" ">
      <subfield code="a">Coeficient de Correlació de Matthews (MCC)</subfield>
   </datafield>
   <datafield tag="653" ind2=" " ind1=" ">
      <subfield code="a">Relació Senyal-Soroll (SNR)</subfield>
   </datafield>
   <datafield tag="653" ind2=" " ind1=" ">
      <subfield code="a">Intrusion Detection System (IDS)</subfield>
   </datafield>
   <datafield tag="653" ind2=" " ind1=" ">
      <subfield code="a">Federated Learning (FL)</subfield>
   </datafield>
   <datafield tag="653" ind2=" " ind1=" ">
      <subfield code="a">collaborative training</subfield>
   </datafield>
   <datafield tag="653" ind2=" " ind1=" ">
      <subfield code="a">Attack Detection (AD)</subfield>
   </datafield>
   <datafield tag="653" ind2=" " ind1=" ">
      <subfield code="a">Attack Classification (AC)</subfield>
   </datafield>
   <datafield tag="653" ind2=" " ind1=" ">
      <subfield code="a">5G networks</subfield>
   </datafield>
   <datafield tag="653" ind2=" " ind1=" ">
      <subfield code="a">Internet of Things (IoT)</subfield>
   </datafield>
   <datafield tag="653" ind2=" " ind1=" ">
      <subfield code="a">Machine Learning (ML)</subfield>
   </datafield>
   <datafield tag="653" ind2=" " ind1=" ">
      <subfield code="a">Deep Learning (DL)</subfield>
   </datafield>
   <datafield tag="653" ind2=" " ind1=" ">
      <subfield code="a">Convolutional Neural Network (CNN)</subfield>
   </datafield>
   <datafield tag="653" ind2=" " ind1=" ">
      <subfield code="a">Deep Neural Network (DNN)</subfield>
   </datafield>
   <datafield tag="653" ind2=" " ind1=" ">
      <subfield code="a">Long Short-Term Memory (LSTM)</subfield>
   </datafield>
   <datafield tag="653" ind2=" " ind1=" ">
      <subfield code="a">Differential Privacy (DP)</subfield>
   </datafield>
   <datafield tag="653" ind2=" " ind1=" ">
      <subfield code="a">Privacy Budget</subfield>
   </datafield>
   <datafield tag="653" ind2=" " ind1=" ">
      <subfield code="a">Clipping Threshold</subfield>
   </datafield>
   <datafield tag="653" ind2=" " ind1=" ">
      <subfield code="a">Dataset</subfield>
   </datafield>
   <datafield tag="653" ind2=" " ind1=" ">
      <subfield code="a">CIC-IoT 2023</subfield>
   </datafield>
   <datafield tag="653" ind2=" " ind1=" ">
      <subfield code="a">Robust Aggregation Function</subfield>
   </datafield>
   <datafield tag="653" ind2=" " ind1=" ">
      <subfield code="a">Matthew Correlation Coefficient (MCC)</subfield>
   </datafield>
   <datafield tag="653" ind2=" " ind1=" ">
      <subfield code="a">Sinal-to-Noise Ratio (SNR)</subfield>
   </datafield>
   <datafield tag="653" ind2=" " ind1=" ">
      <subfield code="a">Seguretat Informàtica</subfield>
   </datafield>
   <datafield tag="653" ind2=" " ind1=" ">
      <subfield code="a">Aprenentatge automàtic</subfield>
   </datafield>
   <datafield tag="653" ind2=" " ind1=" ">
      <subfield code="a">Aprenentatge profund (Aprenentatge automàtic)</subfield>
   </datafield>
   <datafield tag="653" ind2=" " ind1=" ">
      <subfield code="a">Comunicació sense fil, Sistemes 5G de</subfield>
   </datafield>
   <datafield ind2="0" ind1="0" tag="245">
      <subfield code="a">AI based Intrusion Detection System in 5G networks</subfield>
   </datafield>
</record></metadata></record></GetRecord></OAI-PMH>